000 00553nam a2200121Ia 4500
008 220615s9999||||xx |||||||||||||| ||und||
100 _aÇağatay, Selin||Liinason, Mia||Sasunkevich, Olga
245 0 _aFeminist and LGBTI+ Activism across Russia, Scandinavia and Turkey
_bTransnationalizing Spaces of Resistance
546 _aEnglish[eng]
650 _aOpen Access||social movements||solidarities||borders||feminist activism||transnationalism
856 _uhttps://library.oapen.org/bitstream/20.500.12657/52439/1/978-3-030-84451-6.pdf
942 _cEB
999 _c10088
_d10088